000 00697nam a2200205 i 4500
001 171929
003 ES-MaACL
005 20250808062818.0
008 090609s1984 sp |||| | spa d
017 _aM 10009-1984
020 _a84-220-1127-1
100 0 _aCabodevilla, José María.
_933240
245 1 0 _aLas formas de felicidad son ocho
_b: comentario a las bienaventuranzas /
_cpor José María Cabodevilla.
260 _aMadrid :
_bLa Editorial Católica,
_c1984.
300 _a378 p., 3 h. ;
_c20 cm.
490 1 _aBiblioteca de autores cristianos ;
_v450
830 0 0 _aBiblioteca de autores cristianos
_v450
_9178679
852 _aES-MaACL
_jJ-439
_9R.46092
999 _c171929
_d171929